[Event "CYCC U12"]
[Site "Richmond Hill CAN"]
[Date "2011.07.08"]
[Round "5"]
[White "Yilmaz, Burak"]
[Black "McInnis, Preston"]
[Result "1-0"]
[WhiteElo "1032"]
[BlackElo "979"]
[PlyCount "105"]
[GameId "2160767909703933"]
[EventDate "2011.07.06"]
[EventType "swiss"]
[EventRounds "7"]
[EventCountry "CAN"]
[SourceTitle "EXT 2022"]
[Source "ChessBase"]
[SourceDate "2021.10.06"]
[SourceVersion "1"]
[SourceVersionDate "2021.10.06"]
[SourceQuality "1"]

1. d4 d5 2. c4 Nf6 3. Nc3 Nc6 4. Nf3 Bg4 5. Bg5 dxc4 6. e3 Bxf3 7. Qxf3 e5 8. Nd5 Qxd5 9. Bxf6 Qxf3 10. gxf3 gxf6 11. dxe5 Nxe5 12. f4 Nd3+ 13. Bxd3 cxd3 14. Rd1 Bb4+ 15. Kf1 O-O-O 16. Rg1 d2 17. Rg7 Rd7 18. Ke2 f5 19. a3 f6 20. Rxd7 Kxd7 21. axb4 Kc8 22. Rxd2 Rg8 23. b3 Rg2 24. h3 Rh2 25. Ra2 a6 26. Ra5 Rxh3 27. Rxf5 Rh6 28. Kd3 Kd7 29. Ke4 Ke6 30. Rc5 c6 31. Rc1 Rh2 32. Kf3 Rh3+ 33. Ke2 Rh5 34. Rc4 a5 35. Kd3 axb4 36. Rxb4 b5 37. e4 Rh4 38. Ke3 f5 39. f3 h5 40. Rd4 Rh1 41. Rd8 h4 42. Re8+ Kf6 43. Rf8+ Kg7 44. Rxf5 h3 45. Rh5 Kg6 46. Rh4 h2 47. Kf2 Rb1 48. Rxh2 Rxb3 49. Rg2+ Kf6 50. e5+ Kf5 51. Rg5+ Ke6 52. Rg6+ Kf5 53. Rf6# 1-0

[Event "CYCC U12"]
[Site "Richmond Hill CAN"]
[Date "2011.07.08"]
[Round "5"]
[White "Zhou, You"]
[Black "Cheung, Lukas"]
[Result "0-1"]
[WhiteElo "972"]
[BlackElo "1074"]
[PlyCount "42"]
[GameId "2160767909703934"]
[EventDate "2011.07.06"]
[EventType "swiss"]
[EventRounds "7"]
[EventCountry "CAN"]
[SourceTitle "EXT 2022"]
[Source "ChessBase"]
[SourceDate "2021.10.06"]
[SourceVersion "1"]
[SourceVersionDate "2021.10.06"]
[SourceQuality "1"]

1. e4 e5 2. Nf3 Nc6 3. Bc4 Bc5 4. Nc3 d6 5. h3 h6 6. d3 Nf6 7. O-O g5 8. Be3 Nd4 9. a3 g4 10. Nd2 gxh3 11. gxh3 Bxh3 12. Re1 Qd7 13. Kh1 Rg8 14. Rg1 O-O-O 15. b4 Rxg1+ 16. Qxg1 Rg8 17. Qh2 Rg2 18. Qxg2 Bxg2+ 19. Kxg2 Qg4+ 20. Kh1 Nxc2 21. Rg1 Qh3# 0-1

[Event "CYCC U12"]
[Site "Richmond Hill CAN"]
[Date "2011.07.08"]
[Round "6"]
[White "Manitowabi, Samuel"]
[Black "Zhou, You"]
[Result "0-1"]
[WhiteElo "554"]
[BlackElo "972"]
[PlyCount "78"]
[GameId "2160767909703935"]
[EventDate "2011.07.06"]
[EventType "swiss"]
[EventRounds "7"]
[EventCountry "CAN"]
[SourceTitle "EXT 2022"]
[Source "ChessBase"]
[SourceDate "2021.10.06"]
[SourceVersion "1"]
[SourceVersionDate "2021.10.06"]
[SourceQuality "1"]

1. g3 e5 2. Nf3 Nc6 3. d3 d5 4. Bg2 Bb4+ 5. Bd2 Nf6 6. c3 Bd6 7. d4 exd4 8. cxd4 O-O 9. Bg5 Be7 10. a3 Be6 11. h3 Qd7 12. e3 Rfe8 13. Nfd2 b6 14. Nc3 a5 15. Qe2 a4 16. b4 axb3 17. Nxb3 Rxa3 18. Rb1 Bb4 19. O-O Bxc3 20. Kh2 Bf5 21. e4 dxe4 22. Nd2 Nxd4 23. Qe3 Nb5 24. g4 Bxd2 25. Qe2 Bxg5 26. Rbd1 Qe6 27. Rb1 Nc3 28. Qc2 Nxb1 29. Rxb1 Bf4+ 30. Kg1 Bg6 31. Kf1 e3 32. Qc1 e2+ 33. Kg1 Bxc1 34. Rxc1 e1=Q+ 35. Rxe1 Qxe1+ 36. Bf1 Rg3+ 37. Kh2 Ne4 38. f3 Qxf1 39. fxe4 Qg1# 0-1

[Event "CYCC U12"]
[Site "Richmond Hill CAN"]
[Date "2011.07.08"]
[Round "6"]
[White "McInnis, Preston"]
[Black "Gu, Kevin"]
[Result "1-0"]
[WhiteElo "979"]
[BlackElo "689"]
[PlyCount "61"]
[GameId "2160767909703936"]
[EventDate "2011.07.06"]
[EventType "swiss"]
[EventRounds "7"]
[EventCountry "CAN"]
[SourceTitle "EXT 2022"]
[Source "ChessBase"]
[SourceDate "2021.10.06"]
[SourceVersion "1"]
[SourceVersionDate "2021.10.06"]
[SourceQuality "1"]

1. e4 e5 2. Nf3 Nc6 3. Bb5 Nf6 4. Nc3 d6 5. d4 a6 6. Bxc6+ bxc6 7. dxe5 dxe5 8. Qxd8+ Kxd8 9. Nxe5 Be6 10. Nxc6+ Kd7 11. Ne5+ Ke8 12. O-O Bd6 13. Nf3 Rd8 14. e5 Bc5 15. exf6 gxf6 16. Bf4 Rd7 17. Ne4 Ke7 18. Nxc5 Rg8 19. Nxd7 Bxd7 20. Bxc7 Bc6 21. Nh4 Rc8 22. Rfe1+ Kd7 23. Ba5 Rb8 24. Rad1+ Kc8 25. Rd8+ Kb7 26. Rxb8+ Kxb8 27. Re7 Bd5 28. Bc7+ Kc8 29. a3 h6 30. Nf5 h5 31. Nd6# 1-0

[Event "CYCC U12"]
[Site "Richmond Hill CAN"]
[Date "2011.07.08"]
[Round "6"]
[White "Robichaud, Alexandre"]
[Black "Yilmaz, Burak"]
[Result "1-0"]
[WhiteElo "1241"]
[BlackElo "1032"]
[PlyCount "139"]
[GameId "2160767909703937"]
[EventDate "2011.07.06"]
[EventType "swiss"]
[EventRounds "7"]
[EventCountry "CAN"]
[SourceTitle "EXT 2022"]
[Source "ChessBase"]
[SourceDate "2021.10.06"]
[SourceVersion "1"]
[SourceVersionDate "2021.10.06"]
[SourceQuality "1"]

1. e4 e5 2. Nf3 Nc6 3. Bb5 Nf6 4. O-O Bc5 5. h3 O-O 6. Re1 d6 7. c3 h6 8. d4 Bb6 9. a4 a6 10. Bc4 Re8 11. dxe5 dxe5 12. Qxd8 Rxd8 13. Nbd2 Na5 14. b4 Nc6 15. a5 Ba7 16. Bb3 Ne7 17. Nxe5 Be6 18. Bxe6 fxe6 19. Nef3 Nh5 20. Nb3 Ng6 21. Be3 Bxe3 22. Rxe3 b6 23. axb6 cxb6 24. Ree1 Rf8 25. Red1 Ngf4 26. Kf1 Rfc8 27. Rac1 Nf6 28. e5 Ne4 29. Rd4 Rxc3 30. Rxc3 Nxc3 31. Rxf4 a5 32. bxa5 bxa5 33. Rc4 Nb5 34. Ra4 Nc3 35. Rxa5 Rxa5 36. Nxa5 Nd5 37. Nd4 Kf7 38. Nab3 Nf4 39. Nc5 Ng6 40. Nd3 Ke7 41. Ke2 Kf7 42. Ke3 Ke7 43. g3 h5 44. f4 Kf7 45. Nc5 Nf8 46. Kf3 Ke7 47. g4 h4 48. g5 g6 49. Kg4 Kf7 50. Kxh4 Ke7 51. Kg4 Kf7 52. h4 Kg7 53. Ncxe6+ Nxe6 54. Nxe6+ Kf7 55. Nd4 Kg7 56. h5 gxh5+ 57. Kxh5 Kf7 58. g6+ Kg7 59. Kg5 Kf8 60. Kh6 Kg8 61. g7 Kf7 62. Kh7 Ke8 63. g8=Q+ Kd7 64. f5 Ke7 65. f6+ Kd7 66. f7 Ke7 67. f8=Q+ Kd7 68. Qf6 Kc7 69. Qgg7+ Kc8 70. Qff8# 1-0

[Event "CYCC U12"]
[Site "Richmond Hill CAN"]
[Date "2011.07.08"]
[Round "6"]
[White "Ye, Hanyuan"]
[Black "Luo, Tony"]
[Result "0-1"]
[WhiteElo "1647"]
[BlackElo "1307"]
[PlyCount "61"]
[GameId "2160767909703939"]
[EventDate "2011.07.06"]
[EventType "swiss"]
[EventRounds "7"]
[EventCountry "CAN"]
[SourceTitle "EXT 2022"]
[Source "ChessBase"]
[SourceDate "2021.10.06"]
[SourceVersion "1"]
[SourceVersionDate "2021.10.06"]
[SourceQuality "1"]

1. e4 e5 2. Nf3 Nc6 3. Bb5 a6 4. Bxc6 dxc6 5. O-O Bd6 6. h3 Nf6 7. d4 Qe7 8. Bg5 h6 9. Bh4 g5 10. Bg3 Nxe4 11. dxe5 Nxg3 12. exd6 Qxd6 13. Qxd6 cxd6 14. fxg3 Be6 15. Nd4 O-O-O 16. Nc3 Rde8 17. Nxe6 fxe6 18. Rae1 e5 19. Ne4 Kc7 20. Rf7+ Kb6 21. Nxd6 Rb8 22. Rxe5 Rhd8 23. Nc4+ Ka7 24. Re6 Rbc8 25. Rxh6 Rd4 26. b3 Re4 27. Nd6 Ree8 28. Rhh7 Re1+ 29. Kf2 Rc1 30. Rxb7+ Ka8 31. Ra7+ 0-1

[Event "CYCC U12"]
[Site "Richmond Hill CAN"]
[Date "2011.07.08"]
[Round "6"]
[White "Yu, Jerry"]
[Black "Wang, Edward"]
[Result "1-0"]
[WhiteElo "1168"]
[BlackElo "991"]
[PlyCount "59"]
[GameId "2160767909703940"]
[EventDate "2011.07.06"]
[EventType "swiss"]
[EventRounds "7"]
[EventCountry "CAN"]
[SourceTitle "EXT 2022"]
[Source "ChessBase"]
[SourceDate "2021.10.06"]
[SourceVersion "1"]
[SourceVersionDate "2021.10.06"]
[SourceQuality "1"]

1. e4 g6 2. d4 Bg7 3. Nf3 d6 4. Nc3 Nf6 5. h3 b6 6. Bd3 Bb7 7. O-O Qc8 8. Ne1 c6 9. f4 Qc7 10. Qf3 Na6 11. e5 Ng8 12. Be3 O-O-O 13. Qg4+ Qd7 14. Qxd7+ Rxd7 15. Be2 f5 16. Nf3 Nb4 17. Rfc1 d5 18. a3 Na6 19. Ng5 Nh6 20. Bxa6 Bxa6 21. b4 b5 22. a4 bxa4 23. Rxa4 Kb7 24. Rca1 Bc4 25. Rxa7+ Kc8 26. Ra8+ Kc7 27. Ne6+ Kb7 28. Nc5+ Kc7 29. R1a7+ Kb6 30. Nxd7# 1-0

[Event "CYCC U12"]
[Site "Richmond Hill CAN"]
[Date "2011.07.08"]
[Round "7"]
[White "Luo, Tony"]
[Black "Moghtader, Amirreza"]
[Result "0-1"]
[WhiteElo "1307"]
[BlackElo "1139"]
[PlyCount "90"]
[GameId "2160767909703941"]
[EventDate "2011.07.06"]
[EventType "swiss"]
[EventRounds "7"]
[EventCountry "CAN"]
[SourceTitle "EXT 2022"]
[Source "ChessBase"]
[SourceDate "2021.10.06"]
[SourceVersion "1"]
[SourceVersionDate "2021.10.06"]
[SourceQuality "1"]

1. e4 e5 2. Nf3 Nc6 3. Bc4 Bc5 4. Nc3 Nf6 5. d3 h6 6. Qe2 d6 7. Bd2 Bg4 8. h3 Bh5 9. g4 Bg6 10. O-O-O Qe7 11. g5 hxg5 12. Bxg5 Na5 13. Nd5 Qd8 14. h4 Nxc4 15. dxc4 c6 16. Nc3 Bh5 17. Rhg1 Qb6 18. Na4 Qa5 19. Nxc5 Qxc5 20. Be3 Qa5 21. a3 Qc7 22. Bg5 Ng4 23. Bd2 Nh2 24. Rg3 Nxf3 25. Rxf3 Bxf3 26. Qxf3 Rxh4 27. Qf5 Qd7 28. Qf3 Qg4 29. Qe3 Qxe4 30. Qg3 Rh1 31. f3 Rxd1+ 32. Kxd1 Qxc4 33. Qh3 Ke7 34. Qh7 Qf1+ 35. Be1 Qxf3+ 36. Kc1 Kf6 37. Qh4+ g5 38. Qh6+ Kf5 39. Qh7+ Kg4 40. Qh2 Qf4+ 41. Qxf4+ exf4 42. Kd1 Re8 43. Bd2 Kh3 44. b3 f6 45. Bc3 f3 0-1

[Event "CYCC U12"]
[Site "Richmond Hill CAN"]
[Date "2011.07.08"]
[Round "7"]
[White "Plante, Norman"]
[Black "Yilmaz, Burak"]
[Result "0-1"]
[WhiteElo "541"]
[BlackElo "1032"]
[PlyCount "54"]
[GameId "2160767909703942"]
[EventDate "2011.07.06"]
[EventType "swiss"]
[EventRounds "7"]
[EventCountry "CAN"]
[SourceTitle "EXT 2022"]
[Source "ChessBase"]
[SourceDate "2021.10.06"]
[SourceVersion "1"]
[SourceVersionDate "2021.10.06"]
[SourceQuality "1"]

1. e4 e5 2. Nc3 Nf6 3. Nf3 Nc6 4. h3 Bb4 5. a3 Ba5 6. b4 Bb6 7. g4 h6 8. Rg1 d6 9. g5 hxg5 10. Nxg5 Bd7 11. Bc4 Rf8 12. d3 Bd4 13. Be3 Bxc3+ 14. Kf1 Bxa1 15. Qxa1 Nd4 16. Bxf7+ Rxf7 17. Qa2 Qe7 18. h4 Be6 19. c4 O-O-O 20. a4 Rh8 21. b5 Ng4 22. a5 Nxe3+ 23. Ke1 Nf3+ 24. Ke2 Nxg1+ 25. Kxe3 Rxh4 26. b6 Qxg5+ 27. f4 Qxf4# 0-1

[Event "CYCC U12"]
[Site "Richmond Hill CAN"]
[Date "2011.07.08"]
[Round "7"]
[White "Sirkovich, Daniel"]
[Black "Robichaud, Alexandre"]
[Result "0-1"]
[WhiteElo "1206"]
[BlackElo "1241"]
[PlyCount "130"]
[GameId "2160767909703944"]
[EventDate "2011.07.06"]
[EventType "swiss"]
[EventRounds "7"]
[EventCountry "CAN"]
[SourceTitle "EXT 2022"]
[Source "ChessBase"]
[SourceDate "2021.10.06"]
[SourceVersion "1"]
[SourceVersionDate "2021.10.06"]
[SourceQuality "1"]

1. e4 c5 2. Nf3 e6 3. d4 cxd4 4. Nxd4 Nf6 5. Nc3 Nc6 6. Be3 Bb4 7. f3 d5 8. Bb5 Bd7 9. Bxc6 Bxc6 10. O-O Bxc3 11. bxc3 dxe4 12. Nxc6 Qxd1 13. Raxd1 bxc6 14. Rd6 O-O 15. Rfd1 exf3 16. gxf3 Nd5 17. Bc5 Nxc3 18. R1d2 Rfc8 19. R2d3 Nd5 20. c4 Nb6 21. Bxb6 axb6 22. Rd7 g6 23. a3 Kf8 24. Kf2 Ke8 25. Rb7 Rab8 26. Rdd7 Rxb7 27. Rxb7 b5 28. cxb5 cxb5 29. Rxb5 Ra8 30. Rb3 Ke7 31. Ke3 Kd6 32. Rd3+ Ke5 33. h3 Ra4 34. Kf2 f5 35. Kg3 g5 36. Kg2 h5 37. Kg3 g4 38. Re3+ Kf6 39. hxg4 hxg4 40. f4 Ra5 41. Kf2 e5 42. Kg3 exf4+ 43. Kxf4 Ra4+ 44. Kg3 f4+ 45. Kf2 fxe3+ 46. Kxe3 Rxa3+ 47. Kf4 Ra5 48. Kxg4 Rb5 49. Kf4 Rb4+ 50. Ke3 Kf5 51. Kd3 Ke5 52. Kc3 Rh4 53. Kd3 Rg4 54. Kc3 Kd5 55. Kd3 Rg3+ 56. Ke2 Kd4 57. Kf2 Ra3 58. Ke2 Rb3 59. Kf2 Ke4 60. Ke1 Rb2 61. Kd1 Rh2 62. Kc1 Kd3 63. Kb1 Kc3 64. Ka1 Kb3 65. Kb1 Rh1# 0-1

[Event "CYCC U12"]
[Site "Richmond Hill CAN"]
[Date "2011.07.08"]
[Round "7"]
[White "Wang, Eric1"]
[Black "McInnis, Preston"]
[Result "0-1"]
[WhiteElo "1351"]
[BlackElo "979"]
[PlyCount "167"]
[GameId "2160767909703945"]
[EventDate "2011.07.06"]
[EventType "swiss"]
[EventRounds "7"]
[EventCountry "CAN"]
[SourceTitle "EXT 2022"]
[Source "ChessBase"]
[SourceDate "2021.10.06"]
[SourceVersion "1"]
[SourceVersionDate "2021.10.06"]
[SourceQuality "1"]

1. e4 e5 2. Nf3 Nc6 3. Bc4 Nf6 4. Nc3 Bb4 5. a3 Bxc3 6. dxc3 O-O 7. O-O Nxe4 8. Re1 Nf6 9. Nxe5 Nxe5 10. Rxe5 d6 11. Re1 d5 12. Bd3 Bg4 13. f3 Bc8 14. Bg5 d4 15. cxd4 Qxd4+ 16. Kh1 Qxb2 17. Re7 c6 18. Qc1 Qxc1+ 19. Bxc1 h6 20. Bb2 Nd5 21. Re2 Nf4 22. Re3 Nxd3 23. cxd3 Bf5 24. Rd1 Rfe8 25. Rxe8+ Rxe8 26. h3 Re3 27. d4 Re2 28. Bc3 Ra2 29. Bb4 a5 30. Bd6 b5 31. d5 Bd7 32. dxc6 Bxc6 33. Rc1 Bd7 34. Rc7 Ra1+ 35. Kh2 Be6 36. Rb7 Rb1 37. g4 Rb2+ 38. Kg3 Rb3 39. h4 g5 40. h5 Bd5 41. Rb8+ Kh7 42. Bc7 Rxf3+ 43. Kh2 Rxa3 44. Rxb5 Ra2+ 45. Kh3 Bg2+ 46. Kg3 a4 47. Ra5 Bf1 48. Kf3 Rc2 49. Be5 Ra2 50. Ke4 Be2 51. Kf5 Ra3 52. Bd6 Rf3+ 53. Ke4 Rf6 54. Bb4 Rf4+ 55. Ke3 Rxb4 56. Kxe2 Rxg4 57. Kf2 f5 58. Rxf5 a3 59. Ra5 Rh4 60. Rxa3 Rxh5 61. Rg3 Rh2+ 62. Kg1 Rh4 63. Kg2 Kg6 64. Kf3 h5 65. Kg2 Rg4 66. Rxg4 hxg4 67. Kg3 Kh5 68. Kg2 Kh4 69. Kg1 Kh3 70. Kh1 g3 71. Kg1 g2 72. Kf2 Kh2 73. Kf3 g1=Q 74. Ke4 Qg2+ 75. Kd4 Qf2+ 76. Kc4 g4 77. Kb4 g3 78. Ka5 g2 79. Kb5 Qe2+ 80. Kc6 g1=Q 81. Kd6 Qgd1+ 82. Kc6 Qec2+ 83. Kb6 Qdb1+ 84. Ka6 0-1

[Event "CYCC U12 w"]
[Site "Richmond Hill CAN"]
[Date "2011.07.06"]
[Round "1"]
[White "Giblon, Melissa"]
[Black "Fu, Cassidy"]
[Result "1-0"]
[WhiteElo "1391"]
[BlackElo "915"]
[PlyCount "63"]
[GameId "2160767909703946"]
[EventDate "2011.07.06"]
[EventType "swiss"]
[EventRounds "7"]
[EventCountry "CAN"]
[SourceTitle "EXT 2022"]
[Source "ChessBase"]
[SourceDate "2021.10.06"]
[SourceVersion "1"]
[SourceVersionDate "2021.10.06"]
[SourceQuality "1"]

1. c4 c5 2. Nc3 Nf6 3. g3 d6 4. Bg2 g6 5. e3 Bg7 6. Nge2 O-O 7. O-O Bd7 8. Bxb7 Bh3 9. Bxa8 Bxf1 10. Qxf1 Nbd7 11. Bg2 Ne5 12. Nf4 Bh6 13. Nfd5 e6 14. Nxf6+ Qxf6 15. Ne4 Qe7 16. d4 Nc6 17. Qd1 f5 18. Nc3 Na5 19. Qa4 cxd4 20. exd4 Bxc1 21. Rxc1 Qc7 22. Nb5 Qb6 23. c5 dxc5 24. dxc5 Qa6 25. Nc7 Qe2 26. Qxa5 Qxb2 27. Re1 f4 28. Nxe6 Rb8 29. Nxf4 Rb5 30. Qd8+ Kg7 31. Ne6+ Kh6 32. Qg5# 1-0

[Event "CYCC U12 w"]
[Site "Richmond Hill CAN"]
[Date "2011.07.06"]
[Round "2"]
[White "Gao, Yingtong"]
[Black "Giblon, Melissa"]
[Result "0-1"]
[WhiteElo "955"]
[BlackElo "1391"]
[PlyCount "62"]
[GameId "2160767909703947"]
[EventDate "2011.07.06"]
[EventType "swiss"]
[EventRounds "7"]
[EventCountry "CAN"]
[SourceTitle "EXT 2022"]
[Source "ChessBase"]
[SourceDate "2021.10.06"]
[SourceVersion "1"]
[SourceVersionDate "2021.10.06"]
[SourceQuality "1"]

1. e4 c5 2. Bc4 d6 3. Nc3 Nf6 4. Nf3 Nc6 5. g3 g6 6. Ng5 Ne5 7. Bb5+ Bd7 8. Bxd7+ Qxd7 9. d3 Bg7 10. Nf3 Nc6 11. d4 cxd4 12. Nxd4 Nxe4 13. Nxc6 Nxc3 14. Ne5 Bxe5 15. Qd3 Na4 16. c3 O-O 17. Bd2 Nxb2 18. Qe2 Qc6 19. Rc1 Qxh1+ 20. Qf1 Nd3+ 21. Ke2 Qxf1+ 22. Kxf1 Nxc1 23. Bxc1 Rac8 24. Bb2 Bxc3 25. Bxc3 Rxc3 26. Kg2 Rfc8 27. h4 Rc2 28. Kf1 Rxa2 29. Kg2 h5 30. Kf1 Rcc2 31. Ke1 Rc1# 0-1

[Event "CYCC U12 w"]
[Site "Richmond Hill CAN"]
[Date "2011.07.06"]
[Round "3"]
[White "Giblon, Melissa"]
[Black "Milicevic, Aleksandra"]
[Result "1-0"]
[WhiteElo "1391"]
[BlackElo "1245"]
[PlyCount "111"]
[GameId "2160767909703948"]
[EventDate "2011.07.06"]
[EventType "swiss"]
[EventRounds "7"]
[EventCountry "CAN"]
[SourceTitle "EXT 2022"]
[Source "ChessBase"]
[SourceDate "2021.10.06"]
[SourceVersion "1"]
[SourceVersionDate "2021.10.06"]
[SourceQuality "1"]

1. c4 c5 2. Nc3 Nc6 3. g3 g6 4. Bg2 Bg7 5. e3 e5 6. Nge2 d6 7. O-O Nge7 8. a3 a5 9. Nb5 Be6 10. d3 O-O 11. Nec3 Qd7 12. Nd5 Bxd5 13. cxd5 Na7 14. Nc3 f5 15. Na4 Nac8 16. Qb3 b5 17. Nxc5 Qa7 18. Ne6 Rf7 19. Nxg7 Kxg7 20. Qxb5 Rb8 21. Qa4 Nb6 22. Qc2 Nbxd5 23. Bd2 a4 24. Rfb1 Rb3 25. Qc4 Nf6 26. d4 Qd7 27. Bb4 d5 28. Qc5 e4 29. Bf1 Rxb4 30. Qxb4 Qa7 31. Bb5 h5 32. Qxa4 Qc7 33. Rc1 Qd6 34. Qc2 Qb8 35. Bf1 h4 36. b4 Neg8 37. Qc8 Qd6 38. Rc6 Qe7 39. Rac1 Nd7 40. Rc7 Ngf6 41. Bb5 hxg3 42. hxg3 g5 43. Ra7 Kg6 44. Rcc7 Rf8 45. Rxd7 Nxd7 46. Qxd7 Qxd7 47. Rxd7 Ra8 48. a4 Rc8 49. Rxd5 Rc1+ 50. Kg2 Kh5 51. Rxf5 Kg4 52. Bd7 Rb1 53. b5 Ra1 54. Re5+ Kh5 55. b6 Rb1 56. Rb5 1-0

[Event "CYCC U12 w"]
[Site "Richmond Hill CAN"]
[Date "2011.07.07"]
[Round "4"]
[White "Giblon, Melissa"]
[Black "Zhou, Qiyu"]
[Result "1-0"]
[WhiteElo "1391"]
[BlackElo "1760"]
[PlyCount "71"]
[GameId "2160767909703949"]
[EventDate "2011.07.06"]
[EventType "swiss"]
[EventRounds "7"]
[EventCountry "CAN"]
[SourceTitle "EXT 2022"]
[Source "ChessBase"]
[SourceDate "2021.10.06"]
[SourceVersion "1"]
[SourceVersionDate "2021.10.06"]
[SourceQuality "1"]

1. e4 c5 2. Nf3 Nc6 3. Nc3 e6 4. d4 cxd4 5. Nxd4 Bb4 6. Ndb5 a6 7. Nd6+ Bxd6 8. Qxd6 Qe7 9. Qg3 f6 10. Be3 Qf7 11. O-O-O Nge7 12. Na4 b5 13. Nb6 Rb8 14. Qd6 Rb7 15. h4 O-O 16. g4 e5 17. Kb1 Qe6 18. Qxe6+ dxe6 19. Nxc8 Nxc8 20. Bd3 Rd8 21. g5 fxg5 22. Bxg5 Rf8 23. Be3 N8e7 24. Be2 Kf7 25. Rd6 Rd8 26. Rhd1 Rbb8 27. Bg4 a5 28. Bxe6+ Kf8 29. Rxd8+ Rxd8 30. Rxd8+ Nxd8 31. Bd7 b4 32. Bb6 Nec6 33. Kc1 Ke7 34. Bg4 g6 35. Kd2 Nb7 36. Be3 1-0

[Event "CYCC U12 w"]
[Site "Richmond Hill CAN"]
[Date "2011.07.08"]
[Round "5"]
[White "Moayyed, Dorsa"]
[Black "Pobereshnikova, Agniya"]
[Result "1-0"]
[WhiteElo "1029"]
[BlackElo "870"]
[PlyCount "49"]
[GameId "2160767909703950"]
[EventDate "2011.07.06"]
[EventType "swiss"]
[EventRounds "7"]
[EventCountry "CAN"]
[SourceTitle "EXT 2022"]
[Source "ChessBase"]
[SourceDate "2021.10.06"]
[SourceVersion "1"]
[SourceVersionDate "2021.10.06"]
[SourceQuality "1"]

1. e4 c5 2. Nf3 Nc6 3. Nc3 a6 4. Be2 d6 5. d4 cxd4 6. Nxd4 g6 7. O-O Bg7 8. Nf3 Be6 9. Ng5 Qd7 10. Nxe6 Qxe6 11. Nd5 Qd7 12. Nb6 Qd8 13. Nxa8 Qxa8 14. Bg5 Bxb2 15. Rb1 Bg7 16. Bc4 Ne5 17. Bb3 e6 18. Qxd6 h6 19. Bf4 f6 20. Qxe6+ Ne7 21. Rfd1 g5 22. Bxe5 Rf8 23. Ba4+ b5 24. Rxb5 Qc6 25. Rb8# 1-0

[Event "CYCC U12 w"]
[Site "Richmond Hill CAN"]
[Date "2011.07.08"]
[Round "5"]
[White "Thanabalachandran, Luxiga"]
[Black "Giblon, Melissa"]
[Result "0-1"]
[WhiteElo "817"]
[BlackElo "1391"]
[PlyCount "42"]
[GameId "2160767909703951"]
[EventDate "2011.07.06"]
[EventType "swiss"]
[EventRounds "7"]
[EventCountry "CAN"]
[SourceTitle "EXT 2022"]
[Source "ChessBase"]
[SourceDate "2021.10.06"]
[SourceVersion "1"]
[SourceVersionDate "2021.10.06"]
[SourceQuality "1"]

1. e4 c5 2. Nf3 d6 3. d4 cxd4 4. Nxd4 Nf6 5. Nc3 Nc6 6. Bb5 Bd7 7. Bxc6 bxc6 8. O-O g6 9. Bg5 Bg7 10. Re1 O-O 11. Nf3 Qb6 12. e5 Ng4 13. Qd4 Qxb2 14. Bxe7 Nxe5 15. Nxe5 Bxe5 16. Qe3 Bxc3 17. Bxf8 Bxe1 18. Rxe1 Rxf8 19. Qxa7 Be6 20. Re2 Qc1+ 21. Re1 Qxe1# 0-1

[Event "CYCC U12 w"]
[Site "Richmond Hill CAN"]
[Date "2011.07.08"]
[Round "6"]
[White "Fu, Cassidy"]
[Black "Moayyed, Dorsa"]
[Result "1-0"]
[WhiteElo "915"]
[BlackElo "1029"]
[PlyCount "85"]
[GameId "2160767909703952"]
[EventDate "2011.07.06"]
[EventType "swiss"]
[EventRounds "7"]
[EventCountry "CAN"]
[SourceTitle "EXT 2022"]
[Source "ChessBase"]
[SourceDate "2021.10.06"]
[SourceVersion "1"]
[SourceVersionDate "2021.10.06"]
[SourceQuality "1"]

1. e4 e5 2. Nf3 Nc6 3. Bc4 Bc5 4. a3 Nf6 5. Nc3 d6 6. d3 O-O 7. Nd5 Ng4 8. Be3 Nxe3 9. Nxe3 a6 10. Qd2 Bb6 11. Nd5 Ba7 12. O-O Bg4 13. Ng5 Bh5 14. g4 h6 15. gxh5 hxg5 16. b4 b5 17. Bb3 Nd4 18. Qd1 Nxb3 19. cxb3 c6 20. Ne3 Bd4 21. Rc1 Rc8 22. Nf5 Bb2 23. Rb1 Bxa3 24. Qd2 c5 25. bxc5 Bxc5 26. b4 Bd4 27. Rbc1 f6 28. Rxc8 Qxc8 29. Ne7+ Kf7 30. Nxc8 Rxc8 31. Qa2+ Kf8 32. Qe6 Re8 33. Qxd6+ Kf7 34. Qxa6 Re7 35. Qxb5 Re6 36. Qd7+ Re7 37. Qd5+ Re6 38. Rb1 f5 39. exf5 Kg8 40. Qxe6+ Kh7 41. Qg6+ Kg8 42. Rc1 Kh8 43. Rc8# 1-0

[Event "CYCC U12 w"]
[Site "Richmond Hill CAN"]
[Date "2011.07.08"]
[Round "6"]
[White "Pandy, Saramae"]
[Black "Giblon, Melissa"]
[Result "0-1"]
[WhiteElo "1559"]
[BlackElo "1391"]
[PlyCount "150"]
[GameId "2160767909703953"]
[EventDate "2011.07.06"]
[EventType "swiss"]
[EventRounds "7"]
[EventCountry "CAN"]
[SourceTitle "EXT 2022"]
[Source "ChessBase"]
[SourceDate "2021.10.06"]
[SourceVersion "1"]
[SourceVersionDate "2021.10.06"]
[SourceQuality "1"]

1. d4 Nf6 2. e3 g6 3. Bd3 d5 4. Nd2 Bg7 5. f4 O-O 6. Ngf3 Nc6 7. c3 a6 8. O-O e6 9. Ne5 Bd7 10. Qf3 b5 11. Nb3 Qe7 12. Nc5 Nxe5 13. fxe5 Ne8 14. Bd2 Bc6 15. Rf2 f6 16. exf6 Nxf6 17. Qh3 Bd7 18. Nxd7 Nxd7 19. Re2 e5 20. a3 e4 21. Bc2 Nb6 22. c4 Nxc4 23. Bb4 Nd6 24. Bb3 c6 25. Rc1 Rac8 26. Rec2 Qf6 27. Qg3 Nf5 28. Qe1 Rfd8 29. Ba5 Rd6 30. Rc5 Bh6 31. Bd2 Ne7 32. Qg3 Rcd8 33. Rf1 Qg5 34. Qh3 Nf5 35. Rf4 Rf8 36. Rxc6 Qe7 37. Rxf5 Rxf5 38. Rc1 Qg5 39. Rc8+ Bf8 40. Bb4 Rdf6 41. Rxf8+ Rxf8 42. Bxf8 Rxf8 43. Qe6+ Kh8 44. Qe5+ Qxe5 45. dxe5 Re8 46. Bxd5 Rxe5 47. Bb7 a5 48. Kf2 Kg7 49. b3 Kf6 50. h4 h6 51. g4 g5 52. h5 b4 53. a4 Re7 54. Bc6 Ke5 55. Ke2 Rc7 56. Bb5 Rc2+ 57. Kd1 Rg2 58. Bd7 Rb2 59. Be8 Rxb3 60. Ke2 Rb2+ 61. Kd1 Kd6 62. Bg6 Ra2 63. Bxe4 Rxa4 64. Bc2 Ra2 65. Bb3 Ra3 66. Bc2 Rxe3 67. Kd2 Rc3 68. Ba4 Kc5 69. Bc2 Kd4 70. Ba4 b3 71. Bxb3 Rxb3 72. Kc2 Kc4 73. Kd2 a4 74. Ke2 a3 75. Kd1 a2 0-1

[Event "CYCC U12 w"]
[Site "Richmond Hill CAN"]
[Date "2011.07.08"]
[Round "7"]
[White "Gao, Yingtong"]
[Black "Moayyed, Dorsa"]
[Result "0-1"]
[WhiteElo "955"]
[BlackElo "1029"]
[PlyCount "114"]
[GameId "2160767909703954"]
[EventDate "2011.07.06"]
[EventType "swiss"]
[EventRounds "7"]
[EventCountry "CAN"]
[SourceTitle "EXT 2022"]
[Source "ChessBase"]
[SourceDate "2021.10.06"]
[SourceVersion "1"]
[SourceVersionDate "2021.10.06"]
[SourceQuality "1"]

1. e4 e5 2. Nf3 Nc6 3. Nc3 Nf6 4. Bc4 Nxe4 5. Nxe4 d5 6. Bxd5 Qxd5 7. Nc3 Qd8 8. d3 Bg4 9. h3 Bh5 10. g4 Bg6 11. h4 h6 12. h5 Bh7 13. Bd2 Bb4 14. a3 Bxc3 15. Bxc3 O-O 16. Qd2 Re8 17. O-O-O Nd4 18. Nxd4 exd4 19. Bb4 a5 20. Bxa5 Re5 21. Bb4 c5 22. Bxc5 Rxc5 23. Kb1 Qg5 24. Qxg5 Rxg5 25. f3 Re8 26. Rde1 Rc8 27. Rh2 Rd5 28. Rhe2 Rdd8 29. a4 g6 30. Re7 b6 31. hxg6 Bxg6 32. b4 f6 33. R7e6 Re8 34. Rxe8+ Bxe8 35. Re6 Bc6 36. b5 Bxf3 37. Rxf6 Bd1 38. Rf2 Bxg4 39. Rf6 Bd1 40. Rf2 Rf8 41. Rxf8+ Kxf8 42. a5 Ke8 43. axb6 Bf3 44. Kb2 Kd7 45. c4 dxc3+ 46. Kxc3 h5 47. Kb4 h4 48. Ka5 Bb7 49. d4 h3 50. d5 h2 51. d6 h1=Q 52. Ka4 Qe4+ 53. Ka5 Qe1+ 54. Ka4 Kxd6 55. Ka3 Kc5 56. Ka2 Kc4 57. Ka3 Qa1# 0-1